000 00575nam a2200169Ia 4500
003 GCL
008 140319s9999 xx 000 0 ara d
040 _aGCL /
_cGCL
082 0 4 _a320.955
_bم ح
100 1 _aمنذر الموصلى
245 1 0 _aالحياة السياسية والحزبية فى كوردستان: رؤية عربية للقضية الكردية /
_cمنذر الموصلى
300 _a378 ص
490 _aالهيئة العامة للاستعلامات
_v0
650 0 4 _aالسياسة
650 0 4 _aايران - السياسة
942 _2ddc
_cBK
999 _c48401
_d48401